| 000 | 02492nam a2200433 i 4500 | ||
|---|---|---|---|
| 999 |
_c64981 _d64981 |
||
| 001 | 768714001 | ||
| 003 | CO-MdFUSB | ||
| 005 | 20190502122830.0 | ||
| 007 | ta | ||
| 008 | 190425t2005 ck d|||| |||| 00| 0 spa d | ||
| 020 | _a9588225388 | ||
| 040 |
_aCO-MdFUSB _bspa _cCO-MdFUSB _dCO-MdFUSBC _erda |
||
| 041 | _aspa | ||
| 082 |
_237 _a378.0986 _bH117 |
||
| 245 |
_aHacia un sistema nacional de información de la educación superior. _c/ Hernán Jaramillo Salazar ... [y otros tres autores] |
||
| 264 | 1 |
_aBogotá, Colombia : _bCentro Editorial Universidad del Rosario, _c[2005] |
|
| 264 | 4 | _c© 2005 | |
| 300 |
_a396 páginas _c; 24 cm |
||
| 336 |
_2rdacontent _atexto _btxt |
||
| 337 |
_2rdamedia _asin mediación _bn |
||
| 338 |
_2rdacarrier _avolumen _bnc |
||
| 490 | _aTextos de Economía. | ||
| 504 | _aIncluye bibliografía (páginas 35-36, 226-229, 286-289) | ||
| 505 |
_gCAPÍTULO 1: _tConcepción general de un sistema Nacional de información de la educación superior. _gCAPÍTULO 2: _tLa estructura y los principios que rigen el nuevo sistema de información de la educación superior (SNIES) _gCAPÍTULO 3: _tCriterios y estructura para la clasificación de los programas de la educación superior. _gCAPÍTULO 4: _tEl sistema nacional de información de la educación superior: Un modelo virtual. _gCAPÍTULO 5: _tConstrucción de un sistema de indicadores de las instituciones de educación superior. _gCAPÍTULO 6: _tLa construcción de un sistema de indicadores de las instituciones de educación superior. _gCAPÍTULO 7: _tEl módulo de investigaciones en el sistema nacional de información de la educación superior. _gCAPÍTULO 8: _tEl SNIES: formación académica y productividad académica de los docentes de las instituciones de la educación superior. _gCAPÍTULO 9: _tConclusiones y recomendaciones. |
||
| 563 | _aRústico. | ||
| 650 | 0 |
_9984 _aEducación |
|
| 653 | _aEducación Superior -- Colombia. | ||
| 700 |
_91700 _aJaramillo Salazar, Hernán, _eautor |
||
| 700 |
_91701 _aBotero Vélez, Darío, _eautor |
||
| 700 |
_91702 _aRestrepo Abondano, José Manuel, _eautor |
||
| 700 |
_91703 _aÁlvarez, Jorge Lucio, _eautor |
||
| 700 |
_91704 _aAcosta Navarro, Olga Lucía, _eautor |
||
| 700 |
_91705 _aVelez López de Mesa, Mauricio, _eautor |
||
| 700 |
_91706 _aLatorre Santos, Catalina, _eautor |
||
| 700 |
_91707 _aRamírez Gómez, Manuel, _eautor |
||
| 700 |
_91708 _aRey Ayala, Manuel, _eautor |
||
| 700 |
_91709 _aPombo Rivera, Cristina, _eautor |
||
| 942 | _cBK | ||